| 000 | 00669nam a22001937a 4500 | ||
|---|---|---|---|
| 005 | 20260330105434.0 | ||
| 008 | 231120b ||||| |||| 00| 0 eng d | ||
| 020 | _a9781984680808 | ||
| 082 |
_2 _aDC 629.287 T413 2023 _b |
||
| 100 |
_a3G E-Learning. _933638 |
||
| 245 |
_a3G handy guide : _bautomotive repairing / _c3G E-Learning. |
||
| 250 | _a2nd Edition. | ||
| 260 |
_aNew York: _b3G E-Learning LLC, _c©2023. |
||
| 300 |
_ax, 206 pages : _bcolor illustrations ; _c22.5 cm. _e1 compact disc. |
||
| 500 | _aIncludes references, glossary and index. | ||
| 650 |
_aAutomobiles _xMaintenance and repair. _950102 |
||
| 710 |
_a3G E-Learning. _933638 |
||
| 942 |
_2ddc _cDC |
||
| 999 |
_c18457 _d18457 |
||